<?xml version="1.0" encoding="UTF-8"?>
<record
    xmlns:xsi="http://www.w3.org/2001/XMLSchema-instance"
    xsi:schemaLocation="http://www.loc.gov/MARC21/slim http://www.loc.gov/standards/marcxml/schema/MARC21slim.xsd"
    xmlns="http://www.loc.gov/MARC21/slim">

  <leader>02355agaaa2200349   4500</leader>
  <controlfield tag="001">8146</controlfield>
  <controlfield tag="003">IT-RoPAU</controlfield>
  <controlfield tag="005">20220918181236.0</controlfield>
  <controlfield tag="007">d cvaizq</controlfield>
  <controlfield tag="008">50131s9999||||xx ||| |     ||   ||und||</controlfield>
  <datafield tag="040" ind1=" " ind2=" ">
    <subfield code="a">IT-RoPAU</subfield>
    <subfield code="c">IT-RoPAU</subfield>
  </datafield>
  <datafield tag="041" ind1=" " ind2=" ">
    <subfield code="a">ITALIANO</subfield>
  </datafield>
  <datafield tag="100" ind1=" " ind2=" ">
    <subfield code="a">Polanski Roman</subfield>
    <subfield code="g">Codice regista SPICS: 1627</subfield>
    <subfield code="9">43358</subfield>
  </datafield>
  <datafield tag="130" ind1=" " ind2=" ">
    <subfield code="a">PER FAVORE NON MORDERMI SUL COLLO</subfield>
    <subfield code="9">43359</subfield>
  </datafield>
  <datafield tag="240" ind1=" " ind2=" ">
    <subfield code="a">VAMPIRE KILLERS (THE)</subfield>
    <subfield code="g">T2052</subfield>
  </datafield>
  <datafield tag="245" ind1=" " ind2=" ">
    <subfield code="a">PER FAVORE NON MORDERMI SUL COLLO</subfield>
    <subfield code="c">Prodotto da: Gutowski Gene -- Sceneggiatura: Brach Gerard Polanski Roman -- Diretto da: Polanski Roman</subfield>
    <subfield code="p">PER FAVORE NON MORDERMI SUL COLLO (Rif. Codice opera principale : H8146)</subfield>
  </datafield>
  <datafield tag="246" ind1=" " ind2=" ">
    <subfield code="a">VAMPIRE KILLERS (THE)</subfield>
  </datafield>
  <datafield tag="250" ind1=" " ind2=" ">
    <subfield code="a">Edizione Standard</subfield>
  </datafield>
  <datafield tag="260" ind1=" " ind2=" ">
    <subfield code="a">GRAN BRETAGNA (UK)</subfield>
    <subfield code="b">GUTOWSKI GENE / Distribuzione: CIAK</subfield>
    <subfield code="g">"1967 (1&#xB0; ed.: 2008 ; Ed. Lingua Orig.: 1967)"</subfield>
  </datafield>
  <datafield tag="300" ind1=" " ind2=" ">
    <subfield code="a">DVD</subfield>
    <subfield code="b">sonoro, col.</subfield>
    <subfield code="c">107 minuti</subfield>
  </datafield>
  <datafield tag="508" ind1=" " ind2=" ">
    <subfield code="a">"Fotografia: Slocombe Douglas; Montaggio: Mcintyre Alastair; Musica: Komeda Christopher; Sceneggiatura: Brach Gerard Polanski Roman; Scenografia: Shingleton Wilfred; Soggetto: Brach Gerard -- Polanski Roman"</subfield>
  </datafield>
  <datafield tag="511" ind1=" " ind2=" ">
    <subfield code="a">"Macgowran Jack; Tate Sharon; Mayne Ferdy; Polanski Roman; Bbass Alfie; Robins Jessie"</subfield>
  </datafield>
  <datafield tag="520" ind1=" " ind2=" ">
    <subfield code="a">NEL CASTELLO DEL CONTE VON KROLOCH IN TRANSILVANIA E' IN PROGRAMMA UNA FESTA DA BALLO PER MORTI VIVENTI. L'ABITO DA SERA E' D'OBBLIGO. DI CERTO NESSUN MORTALE SAREBBE COSI' FOLLE DA INFILTRARSI NELL'ORRORE EMOGLOBINICO DI QUESTA SOIREE. TUTTAVIA GLI INVITATI UFFICIALI NOTANO QUALCOSA NEGLI SPECCHI DELLA SALA DA BALLO: I RIFLESSI UMANI - KILLER DI VAMPIRI - CHE DANZANO IN MEZZO A LORO. ALFRED, IL TIMODO ASSISTENTE DI UN TRABALLANTE PROFESSORE ESPERTO DI VAMPIRI, SI INNAMORA DELLA BELLA SARAH, MA QUESTA VIENE MORSA DAL CONTE VON KROLOCK. IL REGISTA FA LA PARODIA DEL GENERE VAMPIRESCO IN UN PERFETTO EQUILIBRIO DI SPAVENTI E RISATE.</subfield>
  </datafield>
  <datafield tag="538" ind1=" " ind2=" ">
    <subfield code="a">PAL, STEREO</subfield>
  </datafield>
  <datafield tag="546" ind1=" " ind2=" ">
    <subfield code="a">ITALIANO</subfield>
  </datafield>
  <datafield tag="650" ind1=" " ind2=" ">
    <subfield code="a">COMMEDIA - HORROR</subfield>
    <subfield code="e">DVD-FILM [DVD]</subfield>
    <subfield code="x">Codice MATERIA SPICS: 9947</subfield>
    <subfield code="9">43360</subfield>
  </datafield>
  <datafield tag="700" ind1=" " ind2=" ">
    <subfield code="a">Brach Gerard </subfield>
    <subfield code="e">(soggetto)</subfield>
    <subfield code="g">Codice Soggetto SPICS: 30938</subfield>
    <subfield code="9">43361</subfield>
  </datafield>
  <datafield tag="700" ind1=" " ind2=" ">
    <subfield code="a">Komeda Christopher</subfield>
    <subfield code="e">(musica)</subfield>
    <subfield code="g">Codice Musica SPICS: 10965</subfield>
    <subfield code="9">43362</subfield>
  </datafield>
  <datafield tag="700" ind1=" " ind2=" ">
    <subfield code="a">Polanski Roman </subfield>
    <subfield code="e">(regista)</subfield>
    <subfield code="g">Codice regista SPICS: 1627</subfield>
    <subfield code="9">43363</subfield>
  </datafield>
  <datafield tag="700" ind1=" " ind2=" ">
    <subfield code="a">Polanski Roman </subfield>
    <subfield code="e">(soggetto)</subfield>
    <subfield code="g">Codice Soggetto 2&#xB0; SPICS: 1627</subfield>
    <subfield code="9">43364</subfield>
  </datafield>
  <datafield tag="942" ind1=" " ind2=" ">
    <subfield code="c">DV</subfield>
    <subfield code="2">ddc</subfield>
  </datafield>
  <datafield tag="999" ind1=" " ind2=" ">
    <subfield code="c">105785</subfield>
    <subfield code="d">105785</subfield>
  </datafield>
  <datafield tag="952" ind1=" " ind2=" ">
    <subfield code="0">0</subfield>
    <subfield code="1">0</subfield>
    <subfield code="4">0</subfield>
    <subfield code="6">H_8146_000000000000000</subfield>
    <subfield code="7">1</subfield>
    <subfield code="a">SPICS</subfield>
    <subfield code="b">SPICS</subfield>
    <subfield code="d">2015-01-31</subfield>
    <subfield code="l">0</subfield>
    <subfield code="o">H8146</subfield>
    <subfield code="r">2015-01-31 00:00:00</subfield>
    <subfield code="w">2015-01-31</subfield>
    <subfield code="y">DV</subfield>
    <subfield code="z">Progr. Ins.: 3695 / N.Vol.:1 / Copie: 1 / Pag.:0 / Copia rara: n.d. / date import: 1.2.2015 / By Epidotti, Trombetti, Vaglietti</subfield>
  </datafield>
</record>
